00573nam a2200205 a 4500001001000000003000500010005001700015008004100032010001100073011001100084020001800095040000900113082001600122100002800138245008800166260005500254300001000309650002500319650002300344000116071CHAP20220329144559.0190904s2009 mx |r| ||||p|spa d a112532 a113504 a9786074450170 cCHAP04a861.4bP11e1 aPacheco, José Emilio.13aLa edad de las tinieblas :bcincuenta poemas en prosa /cpor José Emilio Pacheco. aMéxico, D.F. :bEl Colegio NacionalbEra,c2009. a74 p.14aLiteratura mexicana.14aPoesía mexicana.